| 000 | 00650nam a2200205 u 4500 | ||
|---|---|---|---|
| 005 | 20240228064016.0 | ||
| 008 | 100817s2008 cl r 000 0 spa d | ||
| 020 | _a9789587047226 | ||
| 035 | _aUPN01000177389 | ||
| 049 | _aI | ||
| 050 | 4 |
_aPZ74.9 _bL4.32 |
|
| 100 | 1 |
_aLeal Quevedo, Francisco Javier, _d1945- _934389 |
|
| 245 | 1 | 3 |
_aEl camino de Matilde / _cFrancisco Leal Quevedo ; il. de Andrezzinho. |
| 260 |
_aBogotá : _bAlfaguara, _c2008. |
||
| 300 |
_a85 p. : _bil. |
||
| 440 | 0 |
_aAlfaguara infantil. _pDesde 8 años |
|
| 650 | 4 |
_aLITERATURA INFANTIL COLOMBIANA _911063 |
|
| 650 | 4 |
_aLibros y lectura para niños _92290 |
|
| 905 | _aInfantil | ||
| 999 |
_c149492 _d149492 |
||